Catalog

Record Details

Catalog Search



The doomsday key : a [upper case Greek letter "sigma"] Sigma Force novel  Cover Image Book Book

The doomsday key : a [upper case Greek letter "sigma"] Sigma Force novel / James Rollins.

Summary:

Commander Gray Perce and the Sigma Force confront humankind's greatest threat in an adventure that races from the Roman Coliseum to the icy peaks of Norway, from the ruins of medieval abbeys to the lost tombs of Celtic kings. The ultimate nightmare is locked within a talisman buried by a dead saint--an ancient artifact known as the Doomsday Key--and a secret that has already claimed the lives of a famed geneticist, a Vatican archaeologist, and a U.S. senator's son.

Record details

  • ISBN: 9780061231407
  • ISBN: 0061231401
  • ISBN: 9780061791413
  • ISBN: 0061791415
  • Physical Description: xii, 431 pages : illustrations, maps ; 24 cm.
  • Edition: First edition.
  • Publisher: New York : William Morrow, ©2009.
Subject: Secret societies > Fiction.
Conspiracies > Fiction.
Code and cipher stories.

Available copies

  • 1 of 1 copy available at scottsboropl.

Holds

  • 0 current holds with 1 total copy.
Show Only Available Copies
Location Call Number / Copy Notes Barcode Shelving Location Status Due Date
scottsboropl F Rol 32269000832363 Adult - Fiction Available -

LDR 01642pam a2200337 a 4500
001118805
003CONS
00520161227092552.0
008090128s2009 nyuab 000 1 eng d
010 . ‡a 2009003164
020 . ‡a9780061231407 ‡q(hardcover)
020 . ‡a0061231401 ‡q(hardcover)
020 . ‡a9780061791413 ‡q(international edition)
020 . ‡a0061791415 ‡q(international edition)
035 . ‡a(CPomAG)LMN324660
05000. ‡aPS3568.O5398 ‡bD66 2009
08200. ‡a813/.54 ‡222
1001 . ‡aRollins, James, ‡d1961-
24514. ‡aThe doomsday key : ‡ba [upper case Greek letter "sigma"] Sigma Force novel / ‡cJames Rollins.
250 . ‡aFirst edition.
260 . ‡aNew York : ‡bWilliam Morrow, ‡c©2009.
300 . ‡axii, 431 pages : ‡billustrations, maps ; ‡c24 cm.
4901 . ‡aSigma Force novel ; ‡v6
520 . ‡aCommander Gray Perce and the Sigma Force confront humankind's greatest threat in an adventure that races from the Roman Coliseum to the icy peaks of Norway, from the ruins of medieval abbeys to the lost tombs of Celtic kings. The ultimate nightmare is locked within a talisman buried by a dead saint--an ancient artifact known as the Doomsday Key--and a secret that has already claimed the lives of a famed geneticist, a Vatican archaeologist, and a U.S. senator's son.
650 0. ‡aSecret societies ‡vFiction.
650 0. ‡aConspiracies ‡vFiction.
650 0. ‡aCode and cipher stories.
8001 . ‡aRollins, James. ‡tSigma Force novel ; ‡v6.
914 . ‡aNAC_as
959 . ‡i32269000832363 ‡lF Rol ‡aAdult - Fiction ‡tFiction ‡g28.00
852 . ‡p32269000832363 ‡jF Rol ‡gAdult - Fiction ‡cFiction ‡y28.00 ‡bSBPL
901 . ‡a118805 ‡bUnknown ‡c118805 ‡tbiblio

Additional Resources